Logos de marques par lettre - R - Statistiques

Statistiques générales
  • Ce quiz a été pris 40 647 fois
  • Le résultat moyen est 12 sur 16
Statistiques - réponses
Par images Hint Réponse % Correct
Boisson Red Bull
100%
Automobile Renault
97%
Horlogerie Rolex
96%
Association Restos du Cœur
91%
Boisson Ricard
90%
Opticien-lunetier Ray-Ban
87%
Réseau social Reddit
82%
Transport RATP
73%
Radio RFM
73%
Sportswear Reebok
71%
Automobile Rolls Royce
71%
Compagnie aérienne Ryanair
69%
Jeux vidéo Rockstar Games
68%
Accessoire téléphone RhinoShield
67%
Alimentaire Ricoré
67%
Boisson Ruinart
41%
Aucun quiz correspondant
Distribution des résultats
% des personnes avec chaque résultat
Percentile par nombre de réponses
Votre historique - résultats
Vous n’avez pas pris ce quiz